Традиции и проблемы в подготовке специалистов сварочного производства в Томском политехническом университете; Технический университет: реформы в обществе и открытое образовательное пространство; Т. 2

Dettagli Bibliografici
Parent link:Технический университет: реформы в обществе и открытое образовательное пространство: труды Международной научно-практической конференции, 14-17 мая 1996 г., Томск/ Томский политехнический университет.— , 1996
Т. 2.— 1996.— С. 61-62
Autore principale: Советченко Б. Ф. Борис Федорович
Lingua:russo
Pubblicazione: 1996
Soggetti:
Natura: Capitolo di libro
KOHA link:https://koha.lib.tpu.ru/cgi-bin/koha/opac-detail.pl?biblionumber=52364

MARC

LEADER 00000naa2a2200000 4500
001 52364
005 20251201164321.0
035 |a (RuTPU)RU\TPU\book\54871 
035 |a RU\TPU\book\54856 
090 |a 52364 
100 |a 20030529d1996 k y0rusy50 ca 
101 0 |a rus 
102 |a RU 
200 1 |a Традиции и проблемы в подготовке специалистов сварочного производства в Томском политехническом университете  |f Б. Ф. Советченко 
461 1 |0 (RuTPU)RU\TPU\book\127170  |t Технический университет: реформы в обществе и открытое образовательное пространство  |o труды Международной научно-практической конференции, 14-17 мая 1996 г., Томск  |o в 2 т.  |f Томский политехнический университет  |d 1996 
463 0 |0 (RuTPU)RU\TPU\book\13019  |t Т. 2  |v С. 61-62  |d 1996 
610 1 |a труды учёных ТПУ 
700 1 |a Советченко  |b Б. Ф.  |c специалист в области машиностроения  |c доцент Томского политехнического университета, кандидат технических наук  |f 1946-  |g Борис Федорович  |3 (RuTPU)RU\TPU\pers\26630 
801 2 |a RU  |b 63413507  |c 20140423  |g PSBO 
942 |c BK